[Event "Titled Tuesday intern op 12th Dec Late"]
[Site "Chess.com INT"]
[Date "2023.12.12"]
[Round "7"]
[White "Floresvillar Gonzalez, Luis Miguel"]
[Black "Munoz Sanchez, Miguel Angel"]
[Result "1/2-1/2"]
[WhiteElo "2019"]
[BlackElo "2202"]
[PlyCount "107"]
[EventDate "2023.12.12"]
[EventType "swiss (blitz)"]
[EventRounds "11"]
[EventCountry "USA"]
[SourceTitle "EXT 2025"]
[Source "ChessBase"]
[SourceDate "2024.10.14"]
[SourceVersion "1"]
[SourceVersionDate "2024.10.14"]
[SourceQuality "1"]

1. d4 Nf6 2. c3 g6 3. Bg5 Bg7 4. Nd2 d5 5. e3 0-0 6. Bd3 c5 7. Ngf3 Nc6 8. Qe2 h6 9. Bf4 Re8 10. Ne5 Nd7 11. Nxd7 Bxd7 12. dxc5 e5 13. Bg3 Qe7 14. b4 a5 15. b5 Nd8 16. c6 bxc6 17. bxc6 Bxc6 18. 0-0 e4 19. Bb5 Qc5 20. Bxc6 Nxc6 21. Rac1 Ne5 22. Bxe5 Bxe5 23. Nb3 Qc7 24. Nd4 Bxh2+ 25. Kh1 Re5 26. g3 Rh5 27. Kg2 Qd7 28. g4 Rh4 29. f3 exf3+ 30. Qxf3 Be5 31. Rh1 Rxg4+ 32. Kf2 h5 33. Rcg1 Rxg1 34. Rxg1 Rb8 35. Qxh5 Rb2+ 36. Kf3 Bg7 37. Qg4 Qxg4+ 38. Rxg4 Rxa2 39. Nc6 Ra3 40. Ne7+ Kf8 41. Nxd5 Bxc3 42. Nxc3 Rxc3 43. Ra4 Rc5 44. e4 Ke7 45. Kf4 Ke6 46. Rd4 f6 47. Rd8 g5+ 48. Kg4 Rb5 49. Re8+ Kf7 50. Ra8 Rb4 51. Kf5 Rb5+ 52. Kg4 Rb4 53. Kf5 Rb5+ 54. Kg4 1/2-1/2

[Event "Titled Tuesday intern op 12th Dec Late"]
[Site "Chess.com INT"]
[Date "2023.12.12"]
[Round "8"]
[White "Munoz Sanchez, Miguel Angel"]
[Black "Bullen, Alex"]
[Result "1-0"]
[WhiteElo "2202"]
[BlackElo "2139"]
[PlyCount "115"]
[EventDate "2023.12.12"]
[EventType "swiss (blitz)"]
[EventRounds "11"]
[EventCountry "USA"]
[SourceTitle "EXT 2025"]
[Source "ChessBase"]
[SourceDate "2024.10.14"]
[SourceVersion "1"]
[SourceVersionDate "2024.10.14"]
[SourceQuality "1"]

1. d4 d5 2. Nf3 Nf6 3. g3 e6 4. Bg2 b5 5. a4 b4 6. c4 dxc4 7. Ne5 Nd5 8. Nxc4 Be7 9. 0-0 0-0 10. e4 Nb6 11. b3 Nxc4 12. bxc4 a5 13. Bb2 Bb7 14. Nd2 c5 15. d5 exd5 16. exd5 Bf6 17. Qc2 Nd7 18. Ne4 Bxb2 19. Qxb2 Rc8 20. Rad1 Nf6 21. Nxf6+ Qxf6 22. Qxf6 gxf6 23. Rfe1 Ba6 24. Bf1 Rfe8 25. d6 Rxe1 26. Rxe1 Rd8 27. Rd1 Kf8 28. f4 Ke8 29. Kf2 Kd7 30. Ke3 Re8+ 31. Kf2 Re4 32. Bh3+ Kd8 33. Rd5 Rxc4 34. Ke3 b3 35. Bf5 b2 36. Bxh7 Rc3+ 37. Kd2 Bd3 38. Kxc3 b1Q 39. Rxd3 Qb4+ 40. Kc2 Qxa4+ 41. Kd2 Qb4+ 42. Ke2 c4 43. Rd2 c3 44. Rc2 Qc4+ 45. Bd3 Qd4 46. h4 Kd7 47. h5 Kxd6 48. h6 Qg1 49. h7 Qh1 50. Rxc3 a4 51. Ra3 Qh2+ 52. Kf3 Qh1+ 53. Ke2 Qh5+ 54. Kd2 Qh2+ 55. Kc3 Kc5 56. Rxa4 Qh1 57. Rc4+ Kd5 58. Be4+ 1-0

[Event "Titled Tuesday intern op 12th Dec Late"]
[Site "Chess.com INT"]
[Date "2023.12.12"]
[Round "6"]
[White "Munoz Sanchez, Miguel Angel"]
[Black "Novak, Ratko"]
[Result "0-1"]
[WhiteElo "2202"]
[BlackElo "2037"]
[PlyCount "104"]
[EventDate "2023.12.12"]
[EventType "swiss (blitz)"]
[EventRounds "11"]
[EventCountry "USA"]
[SourceTitle "EXT 2025"]
[Source "ChessBase"]
[SourceDate "2024.10.14"]
[SourceVersion "1"]
[SourceVersionDate "2024.10.14"]
[SourceQuality "1"]

1. e4 d5 2. exd5 c6 3. dxc6 Nxc6 4. Nf3 e5 5. d3 Bc5 6. Be2 f5 7. 0-0 Nf6 8. Be3 Bxe3 9. fxe3 Qb6 10. Qd2 Qxb2 11. Nc3 0-0 12. Rab1 Qa3 13. d4 Rd8 14. Nb5 Qe7 15. c4 a6 16. Nc3 exd4 17. exd4 Ne4 18. Nxe4 fxe4 19. Rbe1 exf3 20. Bxf3 Qh4 21. Bd5+ Kh8 22. Re4 Qh6 23. Qe2 Bd7 24. Rf7 Qc1+ 25. Rf1 Qg5 26. h4 Qg3 27. Rf3 Bg4 28. Rxg3 Bxe2 29. Rxe2 Re8 30. Rxe8+ Rxe8 31. Bxc6 bxc6 32. Kf2 Kg8 33. Ra3 Re4 34. Rd3 Rxh4 35. d5 cxd5 36. cxd5 Kf8 37. Ke3 Ra4 38. a3 Ke7 39. Rb3 Kd6 40. Rb7 Rxa3+ 41. Kf4 Ra4+ 42. Ke3 Rg4 43. Kf3 Rg6 44. Ke4 Rg4+ 45. Kf3 h5 46. Rb6+ Kxd5 47. Rxa6 g6 48. Ra5+ Ke6 49. Ra6+ Kf5 50. g3 Rc4 51. Ra5+ Kf6 52. Ra6+ Kg7 0-1

[Event "Titled Tuesday intern op 12th Dec Late"]
[Site "Chess.com INT"]
[Date "2023.12.12"]
[Round "5"]
[White "Saravana, Krishnan P"]
[Black "Munoz Sanchez, Miguel Angel"]
[Result "1-0"]
[WhiteElo "2269"]
[BlackElo "2202"]
[PlyCount "65"]
[EventDate "2023.12.12"]
[EventType "swiss (blitz)"]
[EventRounds "11"]
[EventCountry "USA"]
[SourceTitle "EXT 2025"]
[Source "ChessBase"]
[SourceDate "2024.10.14"]
[SourceVersion "1"]
[SourceVersionDate "2024.10.14"]
[SourceQuality "1"]

1. e4 e6 2. d4 d5 3. Nd2 Nf6 4. e5 Nfd7 5. Bd3 c5 6. c3 Nc6 7. Ndf3 cxd4 8. cxd4 f6 9. exf6 Nxf6 10. Ne2 Bd6 11. 0-0 Qc7 12. h3 0-0 13. Nc3 a6 14. Re1 Bd7 15. Be3 Rae8 16. Rc1 e5 17. dxe5 Nxe5 18. Nxe5 Bxe5 19. Nxd5 Qb8 20. Nxf6+ Rxf6 21. Bxh7+ Kxh7 22. Qxd7 Bxb2 23. Rb1 Rd8 24. Qg4 Bc3 25. Rec1 Qe5 26. Rxb7 Rfd6 27. Bf4 Qe4 28. Bxd6 Qxb7 29. Qh4+ Kg8 30. Qxd8+ Kh7 31. Qh4+ Kg8 32. Qc4+ Kh7 33. Qxc3 1-0